000 00309nam a2200121 a 4500
005 20140513081051.0
008 030203s19uu xx 00 eng d
050 _aP 611
_bPAR
245 _aParts of the body :
_b(mga bahagi ng katawan).
300 _aPoster
650 _aBody, parts--Posters
999 _c116353
_d116353